000 00302nam a22001457a 4500
008 211019b ||||| |||| 00| 0 eng d
020 _a9780697056382
041 _aeng
080 _23rd
_a573
082 _a573
100 _a11
101 _aBIO
245 _aBiology
_cMader,S.S
942 _2udc
_cBK
999 _c58265
_d58265